| 000 | 00573 a2200169 4500 | ||
|---|---|---|---|
| 000 | BKB | ||
| 001 | 070433 | ||
| 005 | 20200902150829.0 | ||
| 008 | |||
| 082 |
_a362.11068 _bS69O |
||
| 100 | 1 | _aShiver, M. Joh | |
| 245 | 1 |
_aOptimizing emergency department throughput _cby M. Joh Shiver and David Eitel Mha |
|
| 260 |
_aLondon _bRoutledge _c2010 |
||
| 300 | _a247p. | ||
| 690 | _aEmergency Service, Hospital -- organization & administration.; Hospitals -- Emergency services -- Management.; | ||
| 700 |
_aMha, David Eitel _b _c |
||
| 999 |
_c3880 _d3880 |
||